[Event "Challenge"]
[Site "http://www.queenalice.com/game.php?id=1607698"]
[Date "2020.4.15"]
[Round "-"]
[White "papilon_br"]
[Black "minuitpile"]
[Result "0-1"]
[WhiteElo "1814"]
[BlackElo "1675"]

1. e4 e5 2. Nf3 Nc6 3. Nc3 Bb4 4. a3 Bxc3 5. dxc3 Nf6 6. Bg5 d6 7. Qd3 h6 8.
Bxf6 Qxf6 9. g3 Bg4 10. Bg2 O-O-O 11. O-O a6 12. b3 h5 13. h3 Bxf3 14. Qxf3 Qxf3
15. Bxf3 h4 16. g4 f5 17. exf5 g5 18. fxg6 Rhg8 19. Be4 d5 20. Bf5+ Kb8 21. Rad1
e4 22. Be6 Rxg6 23. Bxd5 Rgd6 24. c4 Ne5 25. f4 exf3 26. Rde1 Re8 27. Kf2 c6 28.
Bxf3 Rd2+ 29. Re2 Nxf3 30. Rxd2 Nxd2 31. Rd1 Ne4+ 32. Kg2 Ng5 33. Rf1 Re3 34.
Rf5 Rg3+ 35. Kf1 Nxh3 36. Rf8+ Ka7 37. Rg8 Rg1+ 38. Ke2 Rg2+ 39. Kd3 Nf2+ 40.
Ke3 Nxg4+ 41. Kf3 Rf2+ 42. Ke4 Nf6+ 43. Ke3 Rxc2 44. Rh8 Rc3+ 45. Kd4 Rxb3 46.
Rxh4 Rxa3 47. Ke5 Rf3 48. Rh7 Nxh7 0-1

[Event "Challenge"]
[Site "http://www.queenalice.com/game.php?id=1608249"]
[Date "2020.4.18"]
[Round "-"]
[White "minuitpile"]
[Black "MADMIKE"]
[Result "0-1"]
[WhiteElo "1697"]
[BlackElo "1890"]

1. e4 e5 2. Nf3 d6 3. d4 exd4 4. Qxd4 a6 5. Nc3 Nc6 6. Qe3 Be7 7. e5 dxe5 8. Bc4
h6 9. Bd2 Nf6 10. O-O-O O-O 11. Bd3 Ng4 12. Qe4 f5 13. Qe2 e4 14. Bc4+ Kh8 15.
Bg5 Qe8 16. Bxe7 Qxe7 17. Nd5 exf3 18. Qxe7 Nxe7 19. Rd2 Nc6 20. gxf3 Nge5 21.
Nxc7 Rb8 22. b3 Nxf3 23. Rd3 Nfe5 24. Rg3 Nxc4 25. bxc4 f4 26. Rg4 Bxg4 27. Ne6
Bxe6 0-1

[Event "Challenge"]
[Site "http://www.queenalice.com/game.php?id=1608250"]
[Date "2020.4.18"]
[Round "-"]
[White "MADMIKE"]
[Black "minuitpile"]
[Result "0-1"]
[WhiteElo "1870"]
[BlackElo "1716"]

1. d4 d5 2. Nc3 Nf6 3. Bf4 e5 4. Bxe5 Bd6 5. Bxf6 Qxf6 6. Nxd5 Qe6 7. Nc3 Nc6 8.
d5 Qf5 9. e4 Qf4 10. dxc6 Bc5 11. Qe2 Bg4 12. Nf3 Rd8 13. Nd5 Qd6 14. cxb7 Rb8
15. h3 Be6 16. Qd3 Rxb7 17. b3 Bxd5 18. exd5 O-O 19. Be2 Bb4+ 20. c3 Re8 21. O-O
Bc5 22. b4 Bb6 23. a3 c6 24. c4 Rbe7 25. Rfe1 g5 26. Nxg5 f5 27. c5 Qf6 28. d6
Rg7 29. cxb6 Qxg5 30. Bf3 Qg6 31. Bxc6 axb6 32. Bxe8 Qxg2# 0-1

[Event "Challenge"]
[Site "http://www.queenalice.com/game.php?id=1608880"]
[Date "2020.4.22"]
[Round "-"]
[White "minuitpile"]
[Black "MADMIKE"]
[Result "1-0"]
[WhiteElo "1773"]
[BlackElo "1822"]

1. e4 e5 2. Nf3 d6 3. d4 exd4 4. Qxd4 Nc6 5. Qe3 Nf6 6. Bc4 h6 7. Nc3 Be7 8. O-O
O-O 9. e5 dxe5 10. Nxe5 Nxe5 11. Qxe5 Bd6 12. Qe2 a6 13. Nd5 Nxd5 14. Bxd5 c6
15. Be4 Re8 16. Qf3 Rf8 17. Re1 f5 18. Bd3 Qh4 19. Bc4+ Kh8 20. g3 Qf6 21. c3
Rb8 22. Bf4 Bxf4 23. Qxf4 Bd7 24. Rad1 Rbd8 25. Rd6 Qg5 26. Qxg5 hxg5 27. Red1
f4 28. Rxd7 Rxd7 29. Rxd7 fxg3 30. hxg3 b5 31. Be2 a5 32. Rc7 Rf6 33. Bd3 Kg8
34. Be4 Rd6 35. Bxc6 b4 36. cxb4 axb4 37. a3 bxa3 38. bxa3 Kh7 39. a4 Rd1+ 40.
Kg2 Ra1 41. Bd7 Kh6 42. Ra7 Kg6 43. a5 Kf6 44. a6 Ke7 45. Bb5+ Kf6 46. Ra8 Kf5
47. Rb8 Ke5 48. Rb7 Kd6 49. Rxg7 Kc5 50. Rb7 Ra2 51. a7 Ra5 52. Bd7 Kd6 53. Bg4
Kc6 54. Bf3+ 1-0

[Event "Challenge"]
[Site "http://www.queenalice.com/game.php?id=1608881"]
[Date "2020.4.22"]
[Round "-"]
[White "MADMIKE"]
[Black "minuitpile"]
[Result "0-1"]
[WhiteElo "1842"]
[BlackElo "1753"]

1. d4 d5 2. Nc3 e6 3. a3 Nc6 4. Bf4 Bd6 5. Bxd6 cxd6 6. e3 Nf6 7. Nf3 O-O 8. Bd3
e5 9. dxe5 dxe5 10. O-O e4 11. Nd4 exd3 12. cxd3 Nxd4 13. exd4 Ng4 14. h3 f5 15.
hxg4 Qb6 16. Nxd5 Qd6 17. Ne3 Qxd4 18. Nxf5 Bxf5 19. gxf5 Rxf5 20. b4 Raf8 21.
Ra2 Qd5 22. Rd2 h5 23. Qe2 Re5 24. Qd1 Rg5 25. f3 Qd4+ 26. Rdf2 Rd5 27. Qe2 Qxd3
28. Qxd3 Rxd3 29. Ra1 Rb3 30. Re2 Rf7 31. Kh2 Kf8 32. Kh3 Re7 33. Rd2 g6 34. Kh4
Kf7 35. f4 Re4 36. Kg5 Rg3+ 37. Kh6 Ke6 38. Rf2 Kf5 39. Raa2 Rxf4 40. Rfd2 Rfg4
41. Rd7 Rxg2 42. Ra1 b5 43. Rxa7 Rg5 44. Rb7 Kf4 45. Rb6 h4 46. Rh1 Rh5+ 47. Kg7
h3 48. Rxg6 Ke4 49. Rxg2 hxg2 50. Rg1 Kf3 51. Kg6 Rh1 0-1

[Event "Challenge"]
[Site "http://www.queenalice.com/game.php?id=1609212"]
[Date "2020.4.25"]
[Round "-"]
[White "talisman77"]
[Black "minuitpile"]
[Result "1-0"]
[WhiteElo "1728"]
[BlackElo "1774"]

1. d4 d5 2. c4 Nf6 3. Nc3 dxc4 4. Qa4+ Nc6 5. Nf3 Bd7 6. Qxc4 Be6 7. Qd3 Qd6 8.
Nb5 Qd7 9. e3 a6 10. Nc3 O-O-O 11. a3 Na5 12. Qc2 Bb3 13. Qd2 Ne4 14. Nxe4 Qd5
15. Bd3 h6 16. O-O e6 17. Ne5 1-0

[Event "Challenge"]
[Site "http://www.queenalice.com/game.php?id=1609264"]
[Date "2020.4.25"]
[Round "-"]
[White "mario48"]
[Black "minuitpile"]
[Result "1-0"]
[WhiteElo "2059"]
[BlackElo "1784"]

1. e4 e5 2. Nf3 Nc6 3. Bc4 Nf6 4. Nc3 Bb4 5. d3 Bxc3+ 6. bxc3 d6 7. Ng5 Qe7 8.
Bxf7+ Kd8 9. Bb3 h6 10. Nf7+ Kd7 11. Nxh8 Qe8 12. Nf7 g5 13. Nxh6 Qg6 14. Ng4 b6
15. Nxf6+ Qxf6 16. Qg4+ Ke7 17. Qxg5 Qxg5 18. Bxg5+ Kd7 19. h4 Ba6 20. h5 Rg8
21. Bxg8 1-0

[Event "Challenge"]
[Site "http://www.queenalice.com/game.php?id=1609265"]
[Date "2020.4.25"]
[Round "-"]
[White "Pagano"]
[Black "minuitpile"]
[Result "1-0"]
[WhiteElo "2019"]
[BlackElo "1786"]

1. e4 e5 2. f4 Nc6 3. Nf3 exf4 4. Bc4 Nh6 5. d4 d6 6. Bxf4 Qe7 7. O-O Bg4 8. c3
O-O-O 9. Nbd2 a6 10. b4 Bxf3 11. Nxf3 Qd7 12. a4 f6 13. Qb3 Re8 14. Rfe1 g6 15.
a5 Bg7 16. b5 axb5 17. Bxb5 Qg4 18. Bxh6 Bxh6 19. a6 Rxe4 20. axb7+ Kxb7 21.
Bd3+ Kc8 22. Rxe4 Bf4 23. Ra8+ Nb8 24. Rxb8+ Kd7 25. Qf7+ Kc6 26. Bb5# 1-0

[Event "Challenge"]
[Site "http://www.queenalice.com/game.php?id=1609266"]
[Date "2020.4.25"]
[Round "-"]
[White "minuitpile"]
[Black "Pagano"]
[Result "0-1"]
[WhiteElo "1753"]
[BlackElo "2054"]

1. d4 Nf6 2. Nc3 d5 3. Bg5 Bf5 4. Nf3 e6 5. Ne5 c5 6. dxc5 Bxc5 7. e3 O-O 8. Bd3
Bxd3 9. Qxd3 h6 10. Bf4 a6 11. O-O b5 12. Rad1 Qb6 13. a3 Nbd7 14. b4 Bd6 15. e4
Nxe5 16. Qe2 d4 17. Nb1 Rfd8 18. h3 Rac8 19. Rfe1 Qc6 20. Rxd4 Nc4 21. Bxd6 Rxd6
22. Rxd6 Qxd6 23. e5 Nxe5 24. Qxe5 Qxe5 25. Rxe5 Rxc2 26. Rc5 Rb2 27. Rc1 Ra2
28. Rd1 Nd5 29. Kf1 Kf8 30. Ke1 Ke7 31. Rd2 Rxd2 32. Nxd2 f5 33. Nb3 Nf4 34. Kf1
Nd5 35. Nc5 Nc7 36. Ke2 Kd6 37. h4 g5 38. hxg5 hxg5 39. Kd3 Kd5 40. Nd7 e5 41.
g4 e4+ 42. Kc3 f4 43. Nf6+ Ke5 44. Nd7+ Kd6 45. Nc5 Kd5 46. Kd2 a5 47. Nd7 axb4
48. axb4 Ne6 49. Kc3 Nd8 50. Nf6+ Ke5 51. Nd7+ Ke6 52. Nc5+ Kd5 53. Nd7 Nf7 54.
Nf6+ Ke5 55. Nd7+ Ke6 56. Nc5+ Kd5 57. Nd7 e3 58. f3 Ne5 59. Nf6+ Ke6 60. Ne4
Nxf3 61. Nc5+ Kd5 62. Nd3 e2 0-1

[Event "Challenge"]
[Site "http://www.queenalice.com/game.php?id=1609267"]
[Date "2020.4.25"]
[Round "-"]
[White "minuitpile"]
[Black "mario48"]
[Result "0-1"]
[WhiteElo "1791"]
[BlackElo "2054"]

1. d4 d5 2. e4 dxe4 3. c3 Nf6 4. Nd2 e6 5. Nxe4 Nxe4 6. f3 Qh4+ 7. g3 Nxg3 8.
hxg3 Qxh1 9. Qa4+ Bd7 10. Be3 Bxa4 0-1

[Event "Challenge"]
[Site "http://www.queenalice.com/game.php?id=1609416"]
[Date "2020.4.26"]
[Round "-"]
[White "poeleabois"]
[Black "minuitpile"]
[Result "1-0"]
[WhiteElo "1554"]
[BlackElo "1755"]

1. e4 e5 2. Nf3 Nc6 3. Nc3 d6 4. d3 Nf6 5. Bg5 Be7 6. h3 Be6 7. Be2 h6 8. Bxf6
Bxf6 9. O-O O-O 10. a3 a6 11. b4 d5 12. exd5 Bxd5 13. Rb1 Re8 14. Nxd5 Qxd5 15.
c4 Qe6 16. c5 Rad8 17. Qb3 Nd4 18. Qxe6 Nxe2+ 19. Kh2 Rxe6 20. Rfe1 Nf4 21. Re3
Nxd3 22. Kg1 e4 23. Ne1 Bg5 24. Rg3 Bf4 25. Rg4 e3 26. fxe3 Bxe3+ 27. Kf1 Rde8
28. Nxd3 Rf6+ 29. Ke2 Rfe6 30. Kf3 Rf6+ 31. Kg3 h5 32. Rc4 Bg5 33. h4 Re3+ 34.
Kh2 Bf4+ 35. Nxf4 1-0

[Event "Challenge"]
[Site "http://www.queenalice.com/game.php?id=1610660"]
[Date "2020.5.3"]
[Round "-"]
[White "cristal_negro"]
[Black "minuitpile"]
[Result "0-1"]
[WhiteElo "1893"]
[BlackElo "1749"]

1. e4 e5 2. Nf3 Nc6 3. Nc3 d6 4. Bb5 Bd7 5. d4 Nf6 6. d5 Nb4 7. Bxd7+ Qxd7 8.
O-O Be7 9. a3 Na6 10. Qe2 O-O 11. Re1 Nc5 12. Ng5 Ng4 0-1

[Event "Challenge"]
[Site "http://www.queenalice.com/game.php?id=1610661"]
[Date "2020.5.3"]
[Round "-"]
[White "mario48"]
[Black "minuitpile"]
[Result "1-0"]
[WhiteElo "2071"]
[BlackElo "1756"]

1. e4 e5 2. Nf3 Nc6 3. d4 exd4 4. Nxd4 Nf6 5. Nxc6 bxc6 6. Bd3 d5 7. exd5 cxd5
8. O-O Bc5 9. Re1+ Be6 10. Bb5+ Nd7 11. Qxd5 Qe7 12. Bxd7+ Qxd7 13. Qxa8+ Qd8
14. Qc6+ Qd7 15. Qxc5 Qe7 16. Qxa7 O-O 17. Nc3 h6 18. Be3 f5 19. Bc5 Qf6 20.
Bxf8 1-0

[Event "Challenge"]
[Site "http://www.queenalice.com/game.php?id=1611868"]
[Date "2020.5.12"]
[Round "-"]
[White "Nicole63"]
[Black "minuitpile"]
[Result "0-1"]
[WhiteElo "1024"]
[BlackElo "1779"]

1. e4 e5 2. Nc3 Nf6 3. Nf3 d5 4. d3 dxe4 5. Nxe5 exd3 6. cxd3 Qe7 7. Bf4 Bf5 8.
Be2 Qc5 9. O-O Bd6 10. Nf3 Bxf4 11. a3 Ng4 12. Nh4 Nxh2 13. Re1 Qe5 14. g3 Bxg3
15. Qd2 Bxh4 16. b4 Ng4 17. f3 Qh2+ 18. Kf1 Qh1# 0-1

[Event "Challenge"]
[Site "http://www.queenalice.com/game.php?id=1611869"]
[Date "2020.5.12"]
[Round "-"]
[White "minuitpile"]
[Black "Nicole63"]
[Result "1-0"]
[WhiteElo "1781"]
[BlackElo "1022"]

1. e4 e5 2. Nc3 Bc5 3. Nf3 Nc6 4. d4 Nf6 5. dxe5 Nh5 6. Bc4 O-O 7. Bg5 Qe8 8.
O-O d6 9. Qd5 Nb4 10. exd6 c6 11. Qxc5 Be6 12. Qxb4 Rb8 13. e5 Qc8 14. Bxe6 Qxe6
15. Bf4 Nxf4 16. Qxf4 b6 17. Ng5 Qc4 18. Qf5 g6 19. Qf6 1-0

[Event "Challenge"]
[Site "http://www.queenalice.com/game.php?id=1613211"]
[Date "2020.5.22"]
[Round "-"]
[White "Nicole63"]
[Black "minuitpile"]
[Result "0-1"]
[WhiteElo "1029"]
[BlackElo "1771"]

1. d4 d5 2. c4 dxc4 3. Nf3 Bf5 4. Nc3 e5 5. Nxe5 Bb4 6. Qa4+ Nc6 7. Nxc6 Qd7 8.
Nxb4 c6 9. e4 Qxd4 10. Be3 Qd6 11. Rd1 Qe5 12. Rd5 Qe7 13. Rxf5 O-O-O 14. Bc5
Qd7 15. Be3 Ne7 16. Rxf7 Qe6 17. Rxg7 c5 18. Be2 cxb4 19. Qxa7 bxc3 20. bxc3
Qxe4 21. a4 Qb1+ 22. Bd1 Rxd1+ 23. Ke2 Qd3+ 24. Kf3 Rf8+ 25. Kg3 Qd6+ 26. Bf4
Qxf4+ 27. Kh3 Qh6+ 28. Kg3 Qxg7+ 29. Kh4 Rf4+ 30. g4 Qxg4# 0-1